000 00270nam a2200121 a 4500
008 100719s2008|||| d
245 1 0 _aZáhada Vivaldi
100 1 _aHarris, Peter
260 _bIkar
_aBratislava
_c2008
041 _aslo
020 _c299
044 _axo
_cSK
999 _c8067
_d8067